000 00891nam0a22003011 4500
001 rc\286079
005 20250621020815.0
010 _a5-545-00051-8
_92000
035 _a(NLR Aleph) 005515983
090 _a5457214
_c5457214
100 _a20030307d1990 |||y0rusy50 ca
101 0 _arus
102 _aRU
105 _ay |||||||||
200 1 _aАрмяно-русский учебный разговорник
_eДля иностр. учащихся
210 _aЕреван
_cЛуйс
_d1990
215 _a224 с.
_d21
300 _aЗагл. также: арм.
300 _aНа пер. авт. не указаны
700 1 _aБазян
_bС.С.
_gСаануш Сааковна
701 1 _aАсланян
_bС.А.
801 0 _aRU
_bNLR
_gpsbo
801 1 _aRU
_bELAR
_2rusmarc
852 _aNLR
_bОНЛ
852 _aNLR
_jОНЛ
942 _cBOOK
980 _aNB